| 000 | 00787nam a2200265Ia 4500 | ||
|---|---|---|---|
| 003 | OSt | ||
| 005 | 20220928103511.0 | ||
| 006 | a|||||r|||| 00| 0 | ||
| 007 | ta | ||
| 008 | 220927b |||||||| |||| 00| 0 eng d | ||
| 020 | _c650 | ||
| 024 | _a120645 | ||
| 037 |
_b227, 19/10/2012, Classic Book Service _cTextual |
||
| 040 |
_aSDCL _cSDCL _beng |
||
| 041 |
_2eng _aeng |
||
| 082 | _aO15,1B2:g(Y15), Q2 | ||
| 100 |
_aShah Shalini _9404626 |
||
| 245 | 0 |
_aMaking of Womanhood _b Gender relations in mahabharata. |
|
| 250 | _aRev. 2nd | ||
| 260 |
_aNew Delhi _bManohar _c2012 |
||
| 300 |
_a220p _ccm. |
||
| 650 |
_aSanskrit _9391587 |
||
| 942 |
_hO15,1B2:g(Y15), Q2 _cTEXL _2CC |
||
| 999 |
_c720354 _d720354 |
||